|
|
|
|
| LEADER |
00000 a2200000 4500 |
| 003 |
CL-VaPUC |
| 005 |
20220421170120.0 |
| 008 |
220412b2016 ||||| |||| 00| 0 eng d |
| 999 |
|
|
|c 435367
|d 435365
|
| 020 |
|
|
|a 978-956-9205-72-9
|
| 040 |
|
|
|c Pontificia Universidad Católica de Valparaíso
|
| 082 |
|
7 |
|a 700.983 BUC 2016
|2 22
|
| 100 |
1 |
|
|a Bucci Abalos, Ennio
|e autor
|9 868416
|
| 245 |
|
|
|a Textos sobre arte en Chile en la década del cuarenta del siglo XX
|
| 260 |
|
|
|a Santiago, Chile:
|b Ediciones Altazor,
|c 2016
|
| 300 |
|
|
|a 64 páginas; ilustraciones
|
| 583 |
|
|
|k Catalogador Asistente
|c 20220412
|
| 650 |
|
|
|a Arte
|z Chile
|y Años 40
|y Siglo 20
|9 868460
|
| 700 |
|
|
|a Guzmán Schiappacasse, Fernando
|9 572955
|e autor
|
| 942 |
|
|
|2 ddc
|c BK
|
| 952 |
|
|
|0 0
|1 0
|2 ddc
|4 0
|6 700_983000000000000_BUC_2016
|7 0
|8 A
|9 582564
|a BIBART
|b BIBART
|c GEN
|d 2022-04-12
|e 11
|g 14999.95
|i 5650747
|o 700.983 BUC 2016
|p 5650747
|r 2025-03-13
|t 1
|v 14999.95
|w 2022-04-12
|y BK
|k ART
|